书目信息 |
| 题名: |
有限元分析的概念和应用
|
|
| 作者: | 库克 , Cook 著 ;何穷 , 程耿东 译 | |
| 分册: | ||
| 出版信息: | 北京 科学出版社 1981 |
|
| 页数: | 441页 | |
| 开本: | 19cm | |
| 丛书名: | ||
| 单 册: | ||
| 中图分类: | O242.21 | |
| 科图分类: | 1 | |
| 主题词: | 有限元分析 | |
| 电子资源: | ||
| ISBN: | ||
| 000 | 00955nam0 2200313 45 | |
| 001 | 0181004765 | |
| 005 | 20040520093651.8 | |
| 010 | @dCNY2.20 | |
| 091 | @a13031.1652 | |
| 100 | @a19950525d1981 em y0chiy0121 ea | |
| 101 | 1 | @achi@ceng |
| 102 | @aCN@b110000 | |
| 105 | @ay z 000yy | |
| 106 | @ar | |
| 200 | 10 | @a有限元分析的概念和应用@Ayou xian yuan fen xi de gai nian he ying yong@f( )库克(R.D.Cook)著@g何穷,程耿东译 |
| 210 | @a北京@c科学出版社@d1981 | |
| 215 | @a441页@d19cm | |
| 300 | @a书名原文:Concepts and Applications of Finite Element Analysis | |
| 510 | 1 | @aConcepts and Applications of Finite Element Analysis@zeng |
| 606 | @a有限元分析 | |
| 690 | @aO242.21@v3 | |
| 692 | @a1 | |
| 701 | 1 | @a库克@Aku ke@bR.D.@4著 |
| 701 | A1 | @aCook@bR.D.@4著 |
| 702 | 0 | @a何穷@Ahe qiong@4译 |
| 702 | 0 | @a程耿东@Acheng geng dong@4译 |
| 801 | 0 | @aCN@b上海图书馆@c20040520 |
| 801 | 2 | @aCN@bNLC@c20040520 |
| 905 | @f1@b64745@dO242.21@e1 | |
| 有限元分析的概念和应用/( )库克(R.D.Cook)著/何穷,程耿东译.-北京:科学出版社,1981 |
| 441页;19cm |
| 书名原文:Concepts and Applications of Finite Element Analysis |
| ISBN :CNY2.20 |
| ● |
| 相关链接 |
|
|
|
|
正题名:有限元分析的概念和应用
索取号:O242.21/1
 
预约/预借
| 序号 | 登录号 | 条形码 | 馆藏地/架位号 | 状态 | 备注 |
| 1 | 0064745 | 001446359 | 第三借阅区/ [索取号:O242.21/1] | 在馆 | |
| 2 | 0064746 | 001446322 | 第二样本阅览室/ [索取号:O242.21/1] | 在馆 |